[Event "XtraCon-Skakligaen"]
[Site "Denmark"]
[Date "2012.03.10"]
[Round "8.1"]
[White "Hillarp Persson, Tiger"]
[Black "Mikkelsen, Nikolaj"]
[Result "1-0"]
[WhiteElo "2535"]
[BlackElo "2384"]
[PlyCount "127"]
[EventDate "2011.10.29"]
[EventType "team-tourn"]
[EventRounds "9"]
[WhiteTeam "Bronshoj"]
[BlackTeam "BMS"]
[WhiteTeamCountry "DEN"]
[BlackTeamCountry "DEN"]

1. d4 Nf6 2. c4 g6 3. Nc3 Bg7 4. e4 d6 5. Nge2 Nbd7 6. f3 e5 7. Bg5 h5 8. Qd2
c6 9. d5 c5 10. Nc1 Nf8 11. Nd3 N8h7 12. Be3 O-O 13. g3 Kh8 14. Be2 Ng8 15.
O-O-O a6 16. g4 Ngf6 17. g5 Nd7 18. f4 exf4 19. Bxf4 Qe7 20. h4 Rb8 21. a4 Kg8
22. Qe1 Ne5 23. Nxe5 Bxe5 24. Qg3 Re8 25. Rdf1 Bd7 26. Rh2 Qf8 27. Rhf2 Qg7 28.
Bxe5 Rxe5 29. a5 Be8 30. Bd1 b5 31. axb6 Rxb6 32. Ba4 Rb8 33. Bxe8 Rbxe8 34.
Rxf7 Qxf7 35. Rxf7 Kxf7 36. Kc2 Ke7 37. Qg1 Nf8 38. Qa1 Ra8 39. Qa4 Nd7 40. Qc6
Rb8 41. Qxa6 Rb6 42. Qc8 Rb8 43. Qc7 Rf8 44. Nb5 Rxe4 45. Qxd6+ Kd8 46. Qc7+
Ke7 47. Kb3 Rf3+ 48. Ka2 Rxc4 49. Qd6+ Kd8 50. Qc7+ Ke7 51. Na7 Ra4+ 52. Kb1
Rf1+ 53. Kc2 Rf2+ 54. Kd3 Rf7 55. Nc6+ Kf8 56. Qd6+ Ke8 57. Qe6+ Kf8 58. Qd6+
Ke8 59. Qxg6 Rxh4 60. Qe6+ Kf8 61. g6 Rf3+ 62. Ke2 Rhf4 63. Qe7+ Kg8 64. Qh7+
1-0

[Event "XtraCon-Skakligaen"]
[Site "Denmark"]
[Date "2012.03.10"]
[Round "8.3"]
[White "Pilgaard, Kim"]
[Black "Skovgaard, Peter Nicolai"]
[Result "1-0"]
[WhiteElo "2424"]
[BlackElo "2305"]
[PlyCount "93"]
[EventDate "2011.10.29"]
[EventType "team-tourn"]
[EventRounds "9"]
[WhiteTeam "Bronshoj"]
[BlackTeam "BMS"]
[WhiteTeamCountry "DEN"]
[BlackTeamCountry "DEN"]

1. e4 c5 2. Nf3 d6 3. d4 cxd4 4. Nxd4 Nf6 5. Nc3 a6 6. Be3 e5 7. Nf3 Nbd7 8. a4
Qc7 9. Nd2 Nc5 10. Be2 Be6 11. O-O d5 12. exd5 Nxd5 13. Nxd5 Bxd5 14. c4 Bc6
15. b4 Ne4 16. Qc2 Nxd2 17. Bxd2 a5 18. b5 Bd7 19. Bf3 Rc8 20. Rfe1 b6 21. Qb2
Bd6 22. c5 Bxc5 23. Rxe5+ Kf8 24. Rc1 f6 25. Ree1 Kf7 26. Qb3+ Kg6 27. Qd3+ f5
28. Be3 Rhd8 29. Bxc5 bxc5 30. Re7 Qf4 31. Qc3 Qd4 32. Qxa5 Re8 33. Ree1 Qb4
34. Qxb4 cxb4 35. Red1 Rxc1 36. Rxc1 f4 37. Bd5 Rd8 38. Be4+ Bf5 39. Bxf5+ Kxf5
40. Kf1 Ra8 41. b6 b3 42. b7 Rb8 43. Rc5+ Ke6 44. Rb5 Kd6 45. Rxb3 Kc7 46. h4
f3 47. Rxf3 1-0

[Event "XtraCon-Skakligaen"]
[Site "Denmark"]
[Date "2012.03.10"]
[Round "8.4"]
[White "Akdag, Dara Sevkan"]
[Black "Bromann, Thorbjorn"]
[Result "0-1"]
[WhiteElo "2218"]
[BlackElo "2385"]
[PlyCount "76"]
[EventDate "2011.10.29"]
[EventType "team-tourn"]
[EventRounds "9"]
[WhiteTeam "BMS"]
[BlackTeam "Bronshoj"]
[WhiteTeamCountry "DEN"]
[BlackTeamCountry "DEN"]

1. d4 g6 2. c4 Bg7 3. Nf3 d6 4. e4 e5 5. Be2 Nc6 6. d5 Nce7 7. Nc3 f5 8. Ng5
Nf6 9. c5 O-O 10. cxd6 cxd6 11. O-O h6 12. Ne6 Bxe6 13. dxe6 fxe4 14. Qb3 d5
15. Rd1 Qd6 16. Nxd5 Nfxd5 17. Be3 b5 18. Qxb5 Rfb8 19. Qa5 Qd8 20. Qa3 Qe8 21.
Bc5 Bf8 22. Bc4 Nb6 23. Bb3 Kh7 24. Bd6 Nf5 25. Bxf8 Qxf8 26. Qa5 Qf6 27. Rac1
Rb7 28. Rc5 Nd4 29. Qe1 Nxb3 30. axb3 Rf8 31. Kh1 Qxe6 32. Qxe4 Re7 33. Re1
Rxf2 34. Kg1 Rf5 35. Rc6 Qd5 36. Qb4 Ref7 37. Rd6 Qa8 38. Qc5 Qf8 0-1

[Event "XtraCon-Skakligaen"]
[Site "Denmark"]
[Date "2012.03.10"]
[Round "8.5"]
[White "Hoi, Carsten"]
[Black "Nielsen, Thomas Bach"]
[Result "1/2-1/2"]
[WhiteElo "2372"]
[BlackElo "2219"]
[PlyCount "63"]
[EventDate "2011.10.29"]
[EventType "team-tourn"]
[EventRounds "9"]
[WhiteTeam "Bronshoj"]
[BlackTeam "BMS"]
[WhiteTeamCountry "DEN"]
[BlackTeamCountry "DEN"]

1. d4 f5 2. c4 Nf6 3. Nc3 g6 4. g3 Bg7 5. Bg2 O-O 6. Nh3 d6 7. Nf4 c6 8. d5 e5
9. dxe6 Na6 10. O-O g5 11. Nd3 h6 12. Qc2 Bxe6 13. b3 Ne4 14. Bb2 d5 15. cxd5
cxd5 16. Nxe4 dxe4 17. Bxg7 Kxg7 18. Nc5 Nxc5 19. Qxc5 Qd5 20. Qc3+ Kf7 21.
Rfd1 Rac8 22. Qb4 a5 23. Rxd5 axb4 24. Rb5 Rc2 25. g4 fxg4 26. Rxb7+ Kf6 27. e3
Ra8 28. Bxe4 Raxa2 29. Rxa2 Rxa2 30. Rxb4 Rb2 31. Rb7 Ke5 32. Rb4 1/2-1/2

[Event "XtraCon-Skakligaen"]
[Site "Denmark"]
[Date "2012.03.10"]
[Round "8.7"]
[White "Holmsgaard, Henrik"]
[Black "Pedersen, Sven"]
[Result "1/2-1/2"]
[WhiteElo "2320"]
[BlackElo "2139"]
[PlyCount "78"]
[EventDate "2011.10.29"]
[EventType "team-tourn"]
[EventRounds "9"]
[WhiteTeam "Bronshoj"]
[BlackTeam "BMS"]
[WhiteTeamCountry "DEN"]
[BlackTeamCountry "DEN"]

1. e4 c5 2. c3 Nf6 3. e5 Nd5 4. d4 cxd4 5. cxd4 d6 6. Nf3 Nc6 7. Bc4 Nb6 8. Bb5
d5 9. O-O Bg4 10. h3 Bxf3 11. Qxf3 e6 12. Nc3 Rc8 13. Bf4 a6 14. Bxc6+ Rxc6 15.
Rac1 Be7 16. Ne2 O-O 17. Qg4 Kh8 18. Bd2 Nc4 19. Bc3 Qd7 20. Nf4 g6 21. Nd3
Rfc8 22. Qf4 Kg8 23. h4 Nb6 24. h5 Na4 25. Bd2 Rxc1 26. Rxc1 Rxc1+ 27. Bxc1 Qb5
28. Qd2 Nb6 29. hxg6 hxg6 30. b3 Qc6 31. Bb2 Nd7 32. Bc3 Qb5 33. Bb4 Bxb4 34.
Nxb4 a5 35. Nd3 Nb8 36. Qc3 Nc6 37. a4 Qb6 38. Nc5 Qc7 39. Nd3 Qb6 1/2-1/2

[Event "XtraCon-Skakligaen"]
[Site "Denmark"]
[Date "2012.03.10"]
[Round "8.8"]
[White "Haubro, Sigfred"]
[Black "Palm, Nikolaj"]
[Result "0-1"]
[WhiteElo "2109"]
[BlackElo "2253"]
[PlyCount "112"]
[EventDate "2011.10.29"]
[EventType "team-tourn"]
[EventRounds "9"]
[WhiteTeam "BMS"]
[BlackTeam "Bronshoj"]
[WhiteTeamCountry "DEN"]
[BlackTeamCountry "DEN"]

1. b3 d5 2. Bb2 Nf6 3. Nf3 e6 4. e3 Bd6 5. Be2 O-O 6. O-O Nbd7 7. d4 Ne4 8.
Nbd2 f5 9. Ne5 Nxe5 10. dxe5 Bb4 11. Nf3 Nc3 12. Qd3 Nxe2+ 13. Qxe2 b6 14. Rfd1
Rf7 15. Nd4 Qe8 16. c4 Bb7 17. Rac1 Rd8 18. a3 Bf8 19. b4 dxc4 20. Qxc4 Rfd7
21. Rf1 Bd5 22. Qc3 c5 23. Ne2 Bb7 24. Nf4 g5 25. Nh3 Rd3 26. Qc2 Rd2 27. Qb1
Qh5 28. f3 Qh6 29. Bc3 R2d7 30. e4 g4 31. fxg4 Bxe4 32. Qb3 Qe3+ 33. Nf2 Bd5
34. Qb2 Qg5 35. Bd2 Qg6 36. Bf4 fxg4 37. Qe2 h5 38. Qe3 cxb4 39. Bg5 Re8 40.
axb4 Bxb4 41. Bf6 Bf8 42. Rcd1 Bh6 43. Qg3 Rc8 44. Rd4 Kh7 45. Rfd1 Rdc7 46.
Qa3 a5 47. R4d3 Bf8 48. Qa4 Bc5 49. Qf4 Bf8 50. Qg3 Bh6 51. Qh4 Rc2 52. Bd8 Qf5
53. Bxb6 Rf8 54. Qg3 Bg5 55. Rf1 h4 56. Qxg4 Qxg4 0-1